Aneesh Swaminathan
N/A
Categories
Science - Biology | 2 | 4 | 0 | 0 | 70 | 34 | 73.67 | 0 | 2 |
Science - Chemistry | 3 | 1 | 0 | 0 | 55 | 31 | 62.50 | 0 | 2 |
Science - Physics | 1 | 3 | 0 | 0 | 45 | 56 | 77.75 | 0 | 0 |
Science - Earth | 1 | 1 | 0 | 0 | 25 | 50 | 81.00 | 0 | 1 |
Current Events - World | 1 | 1 | 0 | 0 | 25 | 34 | 57.50 | 0 | 1 |
Science - Math | 1 | 1 | 0 | 0 | 25 | 52 | 88.50 | 0 | 1 |
Social Science - Psychology | 0 | 1 | 0 | 0 | 10 | 99 | 99.00 | 0 | 0 |
Geography - World | 0 | 1 | 0 | 0 | 10 | 79 | 79.00 | 0 | 1 |
Science - Computer Science | 0 | 1 | 0 | 0 | 10 | 56 | 56.00 | 0 | 0 |
RMP - Philosophy | 0 | 0 | 0 | 0 | 0 | 0.00 | 0 | 0 | |
Fine Arts - Painting | 0 | 0 | 0 | 0 | 0 | 0.00 | 0 | 0 | |
Current Events - U.S. | 0 | 0 | 0 | 0 | 0 | 0.00 | 0 | 0 |